000 00673nam a2200217Ia 4500
003 GCL
008 140319s9999 xx 000 0 ara d
040 _aGCL /
_cGCL
082 0 4 _a701.18
_bم ن
100 1 _aمحمود بقشيش
245 1 0 _aالنحت المصرى الحديث /
_cمحمود بقشيش
260 _a[S.N] :
_bالهيئة المصرية العامة للكتاب ،
_c1993
300 _a111 ص
490 _aدراسات فى نقد الفنون الجميلة
_v0
650 0 4 _aالنقد
650 0 4 _aالفن
650 0 4 _aالنحت
650 0 4 _aالفنون التشكيلية
650 0 4 _aالفن المصرى
942 _2ddc
_cBK
999 _c58491
_d58491